| 000 | 00380nam a2200181Ia 4500 | ||
|---|---|---|---|
| 008 | 210210b1951 xxu||||| |||| 00| 0 eng d | ||
| 041 | _aeng | ||
| 082 | _a425/140 | ||
| 100 | _aHUNT (C) | ||
| 245 | _aTalk of the town | ||
| 260 |
_aLondon _b- _c1951 |
||
| 650 | _atown | ||
| 650 | _athe | ||
| 650 | _aTalk | ||
| 650 | _aof | ||
| 690 | _aEnglish Language | ||
| 906 | _a005916 | ||
| 999 |
_c128933 _d128933 |
||